Elektrotechnika pro horní a hutní inženýry. 1 /

Hlavní autor: Chura, Vladimír, 1922-
Korporativní autor: Vysoká škola báňská - Technická univerzita Ostrava
Jazyk: Čeština
Vydáno: Ostrava : Vysoká škola báňská, 1969
Vydání: Dotisk
Edice: Učební texty vysokých škol / Vysoká škola báňská v Ostravě
Fyzický popis: 302 s.
Knihy
Uloženo v:
LEADER 00876nam a2200229 a 4500
001 000603551
003 CZ BrMZK
005 20040326104304.0
007 ta
008 020530s1969 xr f cze d
040 |a BOA001  |b cze  |c BOA001 
100 1 |a Chura, Vladimír,  |d 1922-  |7 jk01050398  |4 aut 
245 1 0 |a Elektrotechnika pro horní a hutní inženýry.  |n 1 /  |c Vladimír Chura 
250 |a Dotisk 
260 |a Ostrava :  |b Vysoká škola báňská,  |c 1969 
300 |a 302 s. 
490 1 |a Učební texty vysokých škol / Vysoká škola báňská v Ostravě 
710 2 |a Vysoká škola báňská - Technická univerzita Ostrava  |7 kn20010709483 
810 2 |a Vysoká škola báňská v Ostravě.  |t Učební texty vysokých škol  |0 s 
910 |a BOA001  |b 4-0664.483,1 
990 |a BK 
996 6 |b BC-29636  |c 4-0664.483,1  |l MZK  |r Sklad / do 1 hodiny  |n 0  |w 000603551  |u 000010  |a 1  |e BOA001  |j MZK50  |s P